70. výročie Slovenského rybárskeho zväzu a 76. výročie trvania Mestskej organizácie SRZ v Nitre

Bibliographic Details
Corporate Authors: Slovenský rybársky zväz (Author), Slovenský rybársky zväz (Nitra, Slovensko) (Author)
Other Authors: Mlynek, V. (Compiler), Látečková, E. (Illustrator)
Format: Book
Language:Slovak
PhysicalDescription:[12] s. obr. 21 cm
Published: Nitra MsO SRZ 1996
ISBN:8096743538
Subjects:

MARC

LEADER 00000cam a2200000 a 4500
001 vtls001164078
003 SK-MaSNL
005 20260302020253.0
008 251023s1996 xo a 00000 slo
015 |a SNBE1996/0100633 
020 |a 8096743538 
035 |a SNK000107019 
040 |a SNK  |b slo  |c SNK  |e AACR2 
041 0 |a slo 
044 |a xo  |c SK 
080 |a 639.2:061.25(437.6)+(437.622)(085)"1926/1996" "1920/1996"  |2 1981 
110 2 |a Slovenský rybársky zväz  |4 aut  |9 30748 
245 1 |a 70. výročie Slovenského rybárskeho zväzu a 76. výročie trvania Mestskej organizácie SRZ v Nitre  |c spracoval: kolektív ... pod vedením V. Mlyneka ; grafická úprava a ilustrácie E. Látečková 
246 1 3 |a Sedemdesiate výročie Slovenského rybárskeho zväzu a 76. výročie Mestskej organizácie SRZ v Nitre 
260 |a Nitra  |b MsO SRZ  |c 1996 
300 |a [12] s.  |b obr.  |c 21 cm 
610 2 7 |a Slovenský rybársky zväz (Nitra, Slovensko)  |2 SNKKA  |9 32704 
648 7 |a 1920-1996  |2 SNKPH  |9 663021 
650 0 7 |a rybárstvo  |2 SNKPH  |9 2776 
651 7 |a Nitra (Slovensko)  |2 SNKPHgeo  |9 15714 
655 7 |a informačné publikácie  |2 SNKPH  |9 70181 
700 1 |a Mlynek, V.  |4 com  |9 45825 
700 1 |a Látečková, E.  |4 ill  |9 45245 
710 2 |a Slovenský rybársky zväz (Nitra, Slovensko)  |4 aut  |9 32704 
919 |a 80-967435-3-8 
958 |a TL 
958 |a BQ 
999 |c 1024451  |d 1026381 
952 |t P60, <09>, [BOOK], {629}  |a SNK  |b SNK  |y NEVYP  |7 0  |o snkC 2176  |i snk4254/951212  |0 0  |1 0  |4 0  |d 1996-01-26  |l 0  |r 2005-01-01 00:00:00  |w 2026-02-24 
952 |t P60, <03>, [BOOK], {603}  |a SNK  |b SNK  |y PREZ  |7 0  |o snkOSC 18287  |i snkKSP 1267/96  |0 0  |1 0  |4 0  |d 1996-01-26  |l 0  |r 2005-01-01 00:00:00  |w 2026-02-24 
952 |a SNK  |b SNK  |y PREZ  |7 0  |p 17A1317793  |o snkOSC 18287 D1  |i snkKSP 1268/96  |0 0  |1 0  |4 0  |d 1996-01-31  |l 0  |r 2005-01-01 00:00:00  |w 2026-02-24